LDR 00634naa#a2200169#i#450# 001 EN\\bibl\117224 005 20260429175605.3 011 ## _a1994-4683 100 ## _a20260429b2026####ek#y0engy0150####ca 102 ## _aRU 200 1# _aAnalysis of issues in testing the physical fitness level of powerlifters with musculoskeletal disorders _eJournal article 210 1# _aMoscow _cNational State University of Physical Education, Sports and Health named after P.F. Lesgaft _d2026 215 ## _a6 с. 608 ## _aJournal article _2local 675 ## _aСиловой спорт. 796.894 _z 700 #1 _aSirozh _gAlla Vasil'evna 856 4# _auchzapiski.lesgaft.spb.ru _u